000 00316nam a22001337a 4500
008 181205b xxu||||| |||| 00| 0 eng d
020 _a9780321205667
041 _aeng
080 _27th
_a510
100 _a41
101 _aARK
245 _aA Survey of Mathematics with Applications
_cAngel,A.R
942 _2udc
_cBK
999 _c52883
_d52883